The historical Bible, Vol 2: (Record no. 15396)

000 -LEADER
fixed length control field 00616nam a2200181 a 4500
001 - CONTROL NUMBER
control field :::00014230$&:&@@
003 - CONTROL NUMBER IDENTIFIER
control field OkBaRHE
005 - DATE AND TIME OF LATEST TRANSACTION
control field 20000829083300.0
008 - FIXED-LENGTH DATA ELEMENTS--GENERAL INFORMATION
fixed length control field s1913 j 000 0 eng u
040 ## - CATALOGING SOURCE
Transcribing agency
100 1# - MAIN ENTRY--PERSONAL NAME
Personal name Kent, Charles Foster, 1867-1925,
245 14 - TITLE STATEMENT
Title The historical Bible, Vol 2:
Remainder of title The founders and rulers of united israel.
260 ## - PUBLICATION, DISTRIBUTION, ETC. (IMPRINT)
Place of publication, distribution, etc New York, NY., :
Name of publisher, distributor, etc Charles Scribner's Sons
Date of publication, distribution, etc c1913
300 ## - PHYSICAL DESCRIPTION
Extent 238 p. : illus. ;
Dimensions 19 cm.
650 ## - SUBJECT ADDED ENTRY--TOPICAL TERM
Topical term or geographic name as entry element Jesus Christ
General subdivision Biography
942 ## - ADDED ENTRY ELEMENTS (KOHA)
Source of classification or shelving scheme
Koha item type Books
Copies
Not for loan Barcode Permanent Location Shelving location Date acquired Date last seen Full call number Koha item type Copy number Lost status Source of classification or shelving scheme Withdrawn status Damaged status Price effective from
 14230RHEMA Bible Training CollegeGeneral Stacks2010-04-142010-04-14BS 511 .K4Books1    2010-04-14